Družstvá ako nástroj trvalo udržateľného rozvoja hospodárstva prostredníctvom družstevných hodnôt a princípov
Družstevné organizácie vo svete. Oblasti, v ktorých pôsobia najúspešnejšie družstvá. Dôvody, prečo sú družstvá vo svete úspešné. Družstevné princípy a hodnoty družstiev.
Guardado en:
| Autor principal: | |
|---|---|
| Formato: | Capítulo de libro |
| Lenguaje: | eslovaco |
| Materias: | |
| Etiquetas: |
Sin Etiquetas, Sea el primero en etiquetar este registro!
|
MARC
| LEADER | 00000naa$a2200000$$$4500 | ||
|---|---|---|---|
| 001 | 0260856 | ||
| 005 | 20240502074133.8 | ||
| 041 | 0 | |a slo | |
| 044 | |a SK | ||
| 245 | 1 | 0 | |a Družstvá ako nástroj trvalo udržateľného rozvoja hospodárstva prostredníctvom družstevných hodnôt a princípov |c Denisa Gajdová |
| 520 | |a Družstevné organizácie vo svete. Oblasti, v ktorých pôsobia najúspešnejšie družstvá. Dôvody, prečo sú družstvá vo svete úspešné. Družstevné princípy a hodnoty družstiev. | ||
| 610 | 2 | 0 | |a družstvá |
| 610 | 2 | 0 | |a obrat obchodný |
| 610 | 2 | 0 | |a poisťovníctvo |
| 610 | 2 | 0 | |a poľnohospodárstvo |
| 610 | 2 | 0 | |a služby finančné |
| 610 | 2 | 0 | |a priemysel |
| 100 | 1 | |a Gajdová, Denisa, 1977- | |